Changes in Stability of the Heavy Crude Oil from the Usinskoye Oil Field in the Course of Development of the Deposit by Methods for Enhancing Oil Recovery; AIP Conference Proceedings; Vol. 2051 : Advanced Materials with Hierarchical Structure for New Technologies and Reliable Structures 2018 (AMHS’18)
| Parent link: | AIP Conference Proceedings Vol. 2051 : Advanced Materials with Hierarchical Structure for New Technologies and Reliable Structures 2018 (AMHS’18).— 2018.— [020052, 5 p.] |
|---|---|
| Körperschaft: | |
| Weitere Verfasser: | , , , |
| Zusammenfassung: | Title screen It is found out that the treatment of reservoir oil with gel-forming and oil-displacing compositions results in changes in aggregative stability of produced oil. The results of the study of oil samples from the Usinskoye oil field show that the highest increase in oil stability is exhibited by samples after their treatment with an oil-displacing composition based on surfactants. Режим доступа: по договору с организацией-держателем ресурса |
| Sprache: | Englisch |
| Veröffentlicht: |
2018
|
| Schlagworte: | |
| Online-Zugang: | https://doi.org/10.1063/1.5083295 |
| Format: | MixedMaterials Elektronisch Buchkapitel |
| KOHA link: | https://koha.lib.tpu.ru/cgi-bin/koha/opac-detail.pl?biblionumber=659155 |
MARC
| LEADER | 00000nla2a2200000 4500 | ||
|---|---|---|---|
| 001 | 659155 | ||
| 005 | 20231101135048.0 | ||
| 035 | |a (RuTPU)RU\TPU\network\27606 | ||
| 035 | |a RU\TPU\network\27603 | ||
| 090 | |a 659155 | ||
| 100 | |a 20190123a2018 k y0engy50 ba | ||
| 101 | 0 | |a eng | |
| 105 | |a y z 100zy | ||
| 135 | |a drcn ---uucaa | ||
| 181 | 0 | |a i | |
| 182 | 0 | |a b | |
| 200 | 1 | |a Changes in Stability of the Heavy Crude Oil from the Usinskoye Oil Field in the Course of Development of the Deposit by Methods for Enhancing Oil Recovery |f D. I. Chuikina [et al.] | |
| 203 | |a Text |c electronic | ||
| 300 | |a Title screen | ||
| 320 | |a [References: 8 tit.] | ||
| 330 | |a It is found out that the treatment of reservoir oil with gel-forming and oil-displacing compositions results in changes in aggregative stability of produced oil. The results of the study of oil samples from the Usinskoye oil field show that the highest increase in oil stability is exhibited by samples after their treatment with an oil-displacing composition based on surfactants. | ||
| 333 | |a Режим доступа: по договору с организацией-держателем ресурса | ||
| 461 | 0 | |0 (RuTPU)RU\TPU\network\4816 |t AIP Conference Proceedings | |
| 463 | 0 | |0 (RuTPU)RU\TPU\network\27575 |t Vol. 2051 : Advanced Materials with Hierarchical Structure for New Technologies and Reliable Structures 2018 (AMHS’18) |o Proceedings of the International conference, 1–5 October 2018, Tomsk, Russia |f National Research Tomsk Polytechnic University (TPU); eds. V. E. Panin, S. G. Psakhie, V. M. Fomin |v [020052, 5 p.] |d 2018 | |
| 610 | 1 | |a электронный ресурс | |
| 610 | 1 | |a труды учёных ТПУ | |
| 610 | 1 | |a устойчивость | |
| 610 | 1 | |a тяжелые нефти | |
| 610 | 1 | |a сырые нефти | |
| 610 | 1 | |a Усинское месторождение | |
| 610 | 1 | |a нефтеотдача | |
| 610 | 1 | |a устойчивость | |
| 610 | 1 | |a поверхностно-активные вещества | |
| 701 | 1 | |a Chuikina |b D. I. | |
| 701 | 1 | |a Petrenko |b T. V. | |
| 701 | 1 | |a Stakhina |b L. D. | |
| 701 | 1 | |a Savinykh |b Yu. V. |c Geologist |c Professor of Tomsk Polytechnic University, Doctor of chemical sciences |f 1949- |g Yurii Valentinovich |2 stltpush |3 (RuTPU)RU\TPU\pers\37819 | |
| 712 | 0 | 2 | |a Национальный исследовательский Томский политехнический университет (ТПУ) |c (2009- ) |2 stltpush |3 (RuTPU)RU\TPU\col\15902 |
| 801 | 2 | |a RU |b 63413507 |c 20190123 |g RCR | |
| 856 | 4 | |u https://doi.org/10.1063/1.5083295 | |
| 942 | |c CF | ||